| 000 | 00423nam a2200193Ia 4500 | ||
|---|---|---|---|
| 003 | IT-RoPAU | ||
| 008 | 120407s9999 xx 000 0 und d | ||
| 040 | _aIT-RoPAU | ||
| 040 | _cIT-RoPAU | ||
| 100 | _aAlfonso Maria de Liguori | ||
| 100 | _csant' | ||
| 245 | _aTheologia moralis (vol. II) | ||
| 250 | _aTorino | ||
| 260 | _aMarietti | ||
| 300 | _c cm | ||
| 490 | _v1 | ||
| 600 | _avolume incompleto | ||
| 942 | _cBK | ||
| 999 |
_c8179 _d8179 |
||